| 000 | 02010nam0a2200361 4500 | ||
|---|---|---|---|
| 001 | RU\NLR\BIBL_A\011858108 | ||
| 005 | 20190206105802.0 | ||
| 010 |
_a978-5-89017-056-9 _9220 |
||
| 021 |
_aRU _bКН-П-18-077326 _9КН-П-18-5592 |
||
| 035 | _a(NLR Aleph) 011858108 | ||
| 035 | _a(RuMoRGB)009774130 | ||
| 090 |
_a12137693 _c12137693 |
||
| 100 | _a20181108d2018 u y0rusy50 ca | ||
| 101 | 0 | _arus | |
| 102 | _aRU | ||
| 105 | _ay z |01zy | ||
| 200 | 1 |
_aXXXIV Сибирский теплофизический семинар, посвященный 85-летию академика А. К. Реброва, 27-30 августа 2018 г., Новосибирск, Россия _eвсероссийская конференция с элементами научной школы для молодых ученых _eтезисы докладов _fИнститут теплофизики им. С. С. Кутателадзе СО РАН |
|
| 210 |
_aНовосибирск _cИнститут теплофизики СО РАН _d2018 |
||
| 215 |
_a255 с. _cил., табл. _d29 |
||
| 313 | _a33 семинар 2017 г. | ||
| 320 | _aБиблиогр. в конце ст. | ||
| 320 | _aУказ. авт.: с. 253-255 | ||
| 517 | 1 | _aТридцать четвертый Сибирский теплофизический семинар, посвященный 85-летию академика А. К. Реброва, 27-30 августа 2018 г., Новосибирск, Россия | |
| 606 | 1 |
_aТеплофизика _jТезисы докладов _91363268 _3RU\NLR\AUTH\66256213 |
|
| 686 | 1 | _aЗ31я434 | |
| 702 | 1 |
_aРебров _bА. К. _f1933- _gАлексей Кузьмич _4570 |
|
| 710 | 1 | 2 |
_aСибирский теплофизический семинар _d34 _eНовосибирск _f2018 _9634717 _3RU\NLR\AUTH\880487168 |
| 942 | _cBOOK | ||
| 980 | _aNBR | ||
| 980 | _aNB | ||